000 00852nam a2200205Ia 4500
003 IN-BaIIA
008 211028s9999 xx 000 0 eng d
020 _a0-306-40303-X
040 _cIIA Library
080 _a524.834(082.1)
_bHAD
111 _aWorkshop on "Hadronic Matter At Extreme Energy Density,"
_cErice
_d1978 Oct. 13-21
_912225
245 0 _aHadronic matter at extreme Energy density
_b proceedings of Workshop on "Hadronic Matter at Extreme Energy Density," held in the Ettore Majorana Center in Erice, October 13-21, 1978. 
_cedited by Nicola Cabibbo and Luigi Sertorio
260 _aNew York
_bPlenum Press
_c1980
300 _a[various pagings.]
650 _aAstronomy and Astrophysics thesaurus
650 _aHadronic matter
_912226
700 _aCabibbo, Nicola., ed.
_912227
700 _aSertorio, Luigi., ed.
_912228
942 _cBK
999 _c7127
_d7127